Luis de Requesens y el 'Palau Menor' / por Antoni Borràs i Feliu
Publicado:
San Jorge, núm. 83 (3r trimestre 1971), pàg 106 - 119 :
MARC
| LEADER | 00000nam a2200000Ia 4500 | ||
|---|---|---|---|
| 001 | |||
| 008 | 160829s9999 xx 000 0 cat d | ||
| 100 | |a Borràs i Feliu, Antoni |9 31771 | ||
| 245 | |a Luis de Requesens y el 'Palau Menor' / por Antoni Borràs i Feliu | ||
| 260 | |a San Jorge, núm. 83 (3r trimestre 1971), pàg 106 - 119 | ||
| 590 | |a Conté 17 fotografies | ||
| 650 | |a Requesens i Zúñiga, Lluís de |9 41835 | ||
| 650 | |a Palau Menor |x Barcelona |9 41782 | ||
| 901 | |a Arxiu | ||
| 942 | |n 1 | ||
| 952 | |0 0 |1 0 |4 0 |7 1 |9 50472 |a Arxiu |b Arxiu |d 2016-12-01 |l 0 |r 2016-12-01 00:00:00 |w 2016-12-01 |y ARXIU | ||
| 999 | |c 54314 |d 54314 | ||